Recursos genéticos forestales de Chile: catastro 2012

Saved in:
Bibliografiske detaljer
Main Authors: Ipinza Carmona, Roberto (Author), Barros Asenjo, Santiago (Author), Gutiérrez Caro, Braulio (Author), Magni Díaz, Carlos (Author), Torres Cuadros, Julio (Author)
Format: Bog
Sprog:spansk
Udgivet: Santiago Instituto Forestal 2012
Udgivelse:1a. ed
Fag:
Tags: Tilføj Tag
Ingen Tags, Vær først til at tagge denne postø!

MARC

LEADER 00000cam a2200000 a 4500
001 UCC1061
003 CL-VaPUC
008 170922e20120000cl |||||||||||||||||spa|d
020 |a 9789563180787 
082 0 4 |a 333.75  |b IPI  |2 21 
100 |a Ipinza Carmona, Roberto  |e author  |9 595068 
700 0 |a Barros Asenjo, Santiago  |e author  |9 595069 
700 0 |a Gutiérrez Caro, Braulio  |e author  |9 595070 
700 0 |a Magni Díaz, Carlos  |e author  |9 595071 
700 0 |a Torres Cuadros, Julio  |e author  |9 595072 
245 1 0 |a Recursos genéticos forestales de Chile: catastro 2012 
250 |a 1a. ed 
300 |a 271 p 
942 |c BK 
945 |d 20170922 16:51:00  |a arojas 
260 |a Santiago  |b Instituto Forestal  |c 2012 
650 0 |a Recursos genéticos  |9 393131 
650 7 |a RECURSOS FORESTALES  |2 CL-VaPUC  |9 334317 
650 7 |a SILVICULTURA  |2 CL-VaPUC  |9 264178 
650 0 |a Bosques  |9 269804 
650 0 |a Biodiversidad   |9 385995 
650 7 |a ECOSISTEMA  |2 CL-VaPUC  |9 347937 
651 7 |a CHILE  |2 CL-VaPUC  |9 595073 
583 |a last modification  |c 20170922 16:51:00  |k Rodrigo Vera 
999 |c 369651  |d 369649 
952 |0 0  |1 0  |3 erb  |4 0  |6 333_750000000000000_IPI_2012  |7 0  |8 A  |9 485583  |a BIBAGR  |b BIBAGR  |i 5425115  |o 333.75 IPI 2012  |p 5425115  |r 2025-01-20  |w 2019-11-24  |y BK  |z Catalogado en:20170922  |k AGR